| 000 | 00683nam a2200217 a 4500 | ||
|---|---|---|---|
| 001 | 20676 | ||
| 003 | BD-RjUL | ||
| 005 | 20211209000609.0 | ||
| 008 | 140302s1947 enk 000 1 eng d | ||
| 035 | _aBNB2685.68 | ||
| 035 | _a(BD-RjUL)20738 | ||
| 040 |
_aUkOxU _beng _cUkOxU _dBD-RjUL |
||
| 041 | _aeng | ||
| 082 | 0 |
_a823.912 _221 _bCOA 1947 |
|
| 100 | 1 |
_aConrad, Joseph, _d1857-1924. _963803 |
|
| 245 | 1 | 0 |
_aAlmayer's folly, a story of an eastern river; and, Tales of unrest. / _cJoseph Conrad. |
| 260 |
_aLondon : _bDent, _c1947 [ Reprinted 1961] . |
||
| 300 |
_aviii, 204 p. ; _c23 cm. |
||
| 650 | 0 |
_aDutch _zIndonesia _xSocial life and customs _vFiction. _963804 |
|
| 942 |
_2ddc _cBK |
||
| 999 |
_c20676 _d20676 |
||